000 00495nam a2200181Ia 4500
001 18336
005 20260306171623.0
008 260306s9999||||xx |||||||||||||| ||und||
041 _aESP
082 _a658.403
_bS56
100 _aSimon, Herbert A.
_eAUT
245 0 _aAdministrative behavior:
_ba study of decision-making processes in administrative organizations
260 _c1997
300 _axv, 368 páginas :
_c23 cm.
650 _aGEN
654 _aCAN
942 _cLIB
_dJUS
_fJUS
_2ddc
_n
999 _c18336
_d18336